Social deviance: testing a general theory

Guardado en:  
Detalles Bibliográficos
Autores principales: Kaplan, Howard B. (Autor) ; Johnson, Robert J. (Autor)
Tipo de documento: Print Libro
Lenguaje:Inglés
Publicado: New York, NY [u.a.] Kluwer Academic/Plenum Publishers 2001
En:Año: 2001
Acceso en línea: Portada
Índice
Publisher description
Table of contents only
Disponibilidad en Tübingen:Disponible en Tübingen.
UB: KB 19 A 9194
Verificar disponibilidad: HBZ Gateway
Servicio de pedido Subito: Pedir ahora.
Palabras clave:

MARC

LEADER 00000cam a2200000 c 4500
001 1623137624
003 DE-627
005 20251225202639.0
007 tu
008 020304s2001 xxu||||| 00| ||eng c
010 |a  2001-29877 
016 7 |a bA201433  |2 UK 
020 |a 0306466104  |9 0-306-46610-4 
024 8 |a 12001-29877  |q Identnummer 
035 |a (DE-627)1623137624 
035 |a (DE-576)097569771 
035 |a (DE-599)BSZ097569771 
035 |a (OCoLC)248037632 
040 |a DE-627  |b ger  |c DE-627  |e rakwb 
041 |a eng 
044 |c XD-US  |c XA-NL  |c XA-GB 
050 0 |a HM811 
082 0 |a 302.5/42 
082 0 |a 302.542 
084 |a 5,2  |2 ssgn 
084 |a MR 5700  |2 rvk  |0 (DE-625)rvk/123522: 
100 1 |a Kaplan, Howard B.  |4 aut 
109 |a Kaplan, Howard B. 
245 1 0 |a Social deviance  |b testing a general theory  |c Howard B. Kaplan and Robert J. Johnson 
264 1 |a New York, NY [u.a.]  |b Kluwer Academic/Plenum Publishers  |c 2001 
300 |a XIII, 232 S.  |b graph. Darst. 
336 |a Text  |b txt  |2 rdacontent 
337 |a ohne Hilfsmittel zu benutzen  |b n  |2 rdamedia 
338 |a Band  |b nc  |2 rdacarrier 
500 |a Includes bibliographical references and index 
650 0 |a Deviant Behavior 
689 0 0 |d s  |0 (DE-588)4000320-6  |0 (DE-627)106401556  |0 (DE-576)208837620  |a Abweichendes Verhalten  |2 gnd 
689 0 |5 (DE-627) 
689 1 0 |d s  |0 (DE-588)4000320-6  |0 (DE-627)106401556  |0 (DE-576)208837620  |a Abweichendes Verhalten  |2 gnd 
689 1 1 |d s  |0 (DE-588)4047724-1  |0 (DE-627)10482624X  |0 (DE-576)209074507  |a Psychopathologie  |2 gnd 
689 1 |5 (DE-627) 
689 2 0 |d s  |0 (DE-588)4000320-6  |0 (DE-627)106401556  |0 (DE-576)208837620  |a Abweichendes Verhalten  |2 gnd 
689 2 1 |d s  |0 (DE-588)4000646-3  |0 (DE-627)106400517  |0 (DE-576)208838899  |a Ätiologie  |2 gnd 
689 2 |5 (DE-627) 
689 3 0 |d s  |0 (DE-588)4000320-6  |0 (DE-627)106401556  |0 (DE-576)208837620  |a Abweichendes Verhalten  |2 gnd 
689 3 |5 (DE-627) 
689 4 0 |d s  |0 (DE-588)4000320-6  |0 (DE-627)106401556  |0 (DE-576)208837620  |a Abweichendes Verhalten  |2 gnd 
689 4 1 |d s  |0 (DE-588)4047724-1  |0 (DE-627)10482624X  |0 (DE-576)209074507  |a Psychopathologie  |2 gnd 
689 4 |5 (DE-627) 
689 5 0 |d s  |0 (DE-588)4000320-6  |0 (DE-627)106401556  |0 (DE-576)208837620  |a Abweichendes Verhalten  |2 gnd 
689 5 1 |d s  |0 (DE-588)4000646-3  |0 (DE-627)106400517  |0 (DE-576)208838899  |a Ätiologie  |2 gnd 
689 5 |5 (DE-627) 
700 1 |a Johnson, Robert J.  |4 aut 
856 4 2 |u https://swbplus.bsz-bw.de/bsz097569771cov.jpg  |m V:DE-576  |v 2005-11-08  |3 Cover  |7 1 
856 4 2 |u http://www.gbv.de/dms/hbz/toc/ht013230384.pdf  |m V:DE-605  |q pdf/application  |v 2008-11-15  |x Verlag  |y Inhaltsverzeichnis  |3 Inhaltsverzeichnis  |7 1 
856 4 2 |u http://www.loc.gov/catdir/enhancements/fy0818/2001029877-d.html  |x Verlag  |y Publisher description  |7 1 
856 4 2 |u http://www.loc.gov/catdir/enhancements/fy0818/2001029877-t.html  |x Verlag  |y Table of contents only  |7 1 
889 |w (DE-627)32985271X 
935 |i mdedup 
936 r v |a MR 5700  |b Theorien des abweichenden Verhaltens  |k Soziologie  |k Sozialwissenschaftliche Theorien und Methoden  |k Jüngere soziologische Theorie  |k Theorien des abweichenden Verhaltens  |0 (DE-627)1271428180  |0 (DE-625)rvk/123522:  |0 (DE-576)201428180 
951 |a BO 
ELC |b 1 
LOK |0 000 xxxxxcx a22 zn 4500 
LOK |0 001 3249331996 
LOK |0 003 DE-627 
LOK |0 004 1623137624 
LOK |0 005 20020524000000 
LOK |0 008 020524||||||||||||||||ger||||||| 
LOK |0 040   |a DE-21  |c DE-627  |d DE-21 
LOK |0 852   |a DE-21 
LOK |0 852 1  |c KB 19 A 9194  |9 00 
LOK |0 935   |a krim 
LOK |0 936ln  |a k1.5 
LOK |0 939   |a 24-05-02  |b l01 
ORI |a SA-MARC-krimdoka001.raw 
SIG |a UB: KB 19 A 9194